La espera y la esperanza: historia y teoría del esperar humano

-д хадгалсан:
Номзүйн дэлгэрэнгүй
Үндсэн зохиолч: Laín Entralgo, Pedro (Зохиогч)
Формат: Ном
Хэл сонгох:испани
Хэвлэсэн: Madrid Revista de Occidente 1957
Нөхцлүүд:
Шошгууд: Шошго нэмэх
Шошго байхгүй, Энэхүү баримтыг шошголох эхний хүн болох!

MARC

LEADER 00000nam a2200000 a 4500
001 UCZ5240
003 CL-VaPUC
005 20250108094708.0
008 951117e19570000SP |||||||||||||||||spa|d
999 |c 241560  |d 241558 
040 |c Pontificia Universidad Católica de Valparaíso 
082 0 4 |a 234.2  |b LAI  |2 21 
100 |a Laín Entralgo, Pedro  |e author  |9 587753 
245 1 3 |a La espera y la esperanza: historia y teoría del esperar humano 
260 |a Madrid  |b Revista de Occidente  |c 1957 
300 |a 585 p 
583 |a last modification  |c 19951117 00:00:00  |k Rodrigo Vera 
600 0 |a Tomás de Aquino  |d 1220-1274  |c Santo  |9 255832 
600 0 7 |a SAN JUAN DE LA CRUZ  |2 CL-VaPUC  |9 317648 
600 0 |a Marcel, Gabriel  |d 1889-1973  |9 862359 
650 0 |a Esperanza  |9 314979 
650 0 |a Creencia Religiosa  |9 316904 
650 0 |a Filosofía cristiana   |9 265980 
650 0 |a Teología   |9 258766 
650 0 |a Filosofía contemporánea  |9 265372 
650 0 |a Antropología   |9 233030 
942 |c BK  |2 ddc 
945 |d 19951117 00:00:00  |a cmena 
952 |0 0  |1 0  |4 0  |6 234_200000000000000_LAI_1957  |7 0  |8 P  |9 253913  |a BIBEDU  |b BIBEDU  |c BIBEDU_PB  |d 2019-11-19  |i 1573179  |o 234.2 LAI 1957  |p 1573179  |r 2024-01-25  |w 2019-11-19  |y BK  |k FIL